000 00986cab a2200241 4500
001 WB3207-15
008 090401t1996 xxu||||| |||| 00| 0 eng d
035 _a(Sirsi) u27875
041 _aeng
245 _aCPO for passenger interchange
260 _c1996
350 _a0
490 _aEstates Gazette Case Summaries
_v[1996] EGCS 13(1) (10/2/96)
520 _a"Yorkshire Traction Co Ltd v SoS Transport and another". QBD 30 January 1996. Y appealed against a CPO made by the SoS. The purpose of the CPO was to incorporate Y`s bus station into a new passenger interchange for the Barnsley area. Application dismissed.
650 _aBUS STATION
650 _aCOMPULSORY PURCHASE ORDER
650 _aPASSENGER INTERCHANGE
650 _aTRANSPORT ACT 1968
650 _aYORKSHIRE TRACTION CO LTD V SOS TRANSPORT AND ANOTHER
690 _aENVIRONMENTAL AND LAND CONSULTANCY-PLANNING AND DEVELOPMENT-COMPULSORY PURCHASE AND COMPENSATION
942 _n0
948 _c04/03/1997
999 _c18788
_d18788